Random Flowers by Picture - Statistics

General Stats
  • This quiz has been taken 101 times
  • The average score is 6 of 20
Answer Stats
Picture Answer % Correct
Daisy
100%
Dandelion
100%
Lavender
100%
Pansy
100%
Rose
100%
Sunflower
100%
Tulip
100%
Poppy
86%
Daffodil
83%
Forget-Me-Not
75%
Hibiscus
67%
Honeysuckle
67%
Lotus
67%
Snapdragon
67%
Water Lily
67%
Zinnia
67%
Black-Eyed Susan
60%
Chrysanthemum
60%
Marigold
60%
Lily of the Valley
57%
Aster
50%
Carnation
50%
Dahlia
50%
Foxglove
50%
Orchid
50%
Periwinkle
50%
Hyacinth
43%
Buttercup
40%
Hydrangea
40%
Pitcher Plant
40%
Violet
40%
Cherry Blossom
38%
Iris
38%
Astilbe
33%
Begonia
33%
Calla Lily
33%
Tiger Lily
33%
Artichoke
29%
Corpse Flower
29%
Lilac
29%
Fireweed
25%
Primrose
25%
Rafflesia/Corpse Lily
25%
Verbena
25%
Wisteria
22%
Bleeding Heart
20%
Cornflower
20%
Daylily
20%
Azalea
17%
Delphinium
17%
Peony
17%
Scabiosa
17%
Queen Anne's Lace
14%
Gardenia
13%
Passion Flower
13%
Blanket Flower
10%
Ranunculus
10%
Allium
0%
Amaranthus
0%
Amaryllis
0%
Anemone
0%
Arrowleaf
0%
Arum Lily
0%
Bat Orchid
0%
Black Eyed Susan Vine
0%
Blazing Star
0%
Blue Star
0%
Broccoli
0%
Bromeliad
0%
Brown-eyed Susan
0%
Buddleia
0%
Campanula/Bellflower
0%
Candytuft
0%
Celosia
0%
Checkered Lily
0%
Chicory
0%
Coneflower/Echinacea
0%
Dianthus
0%
Eryngium
0%
Everlasting Flower
0%
Garden Phlox
0%
Geranium
0%
Gerbera Daisy/African Daisy
0%
Gladious/Gladiola
0%
Globe Thistle
0%
Grape Hyacinth
0%
Ixia
0%
Kale
0%
Middlemist Red Camellia
0%
Naked Man Orchid
0%
Oxalis
0%
Pumpkin Flower
0%
Queen of the Night
0%
Scadoxus
0%
Strawberry Flower
0%
Yarrow
0%
No matching quizzes found
Score Distribution
Percent of People with Each Score
Percentile by Number Answered
Your Score History
You have not taken this quiz